csgo riffles every skin(english name) - Statistics

General Stats
  • This quiz has been taken 61 times
  • The average score is 83 of 378
Answer Stats
Picture Answer % Correct
Asiimov
92%
Asiimov
92%
Asiimov
92%
Bloodsport
81%
Bloodsport
81%
Redline
81%
Redline
81%
Vulcan
81%
Fire Serpent
79%
Fade
77%
Case Hardened
75%
Dragon Lore
75%
Fuel Injector
75%
Safari Mesh
75%
Safari Mesh
75%
Safari Mesh
75%
Cartel
73%
Jaguar
73%
Neon Rider
73%
Neon Revolution
71%
X Ray
71%
X Ray
71%
Blue Laminate
69%
Lightning Strike
69%
The Empress
69%
Worm God
69%
Elite Build
67%
Elite Build
67%
Red Laminate
67%
Howl
65%
Hyper Beast
65%
Hyper Beast
65%
Medusa
65%
Aquamarine Revenge
63%
BOOM
63%
Wildfire
63%
Green Laminate
60%
Slate
60%
Wasteland Rebel
60%
Black Laminate
58%
Neo Noir
58%
Neo Noir
58%
Default
56%
Default
56%
Default
56%
Default
56%
Default
56%
Default
56%
Default
56%
Default
56%
Default
56%
Default
56%
Default
56%
Gold Arabesque
56%
Hot Rod
56%
Hot Rod
56%
Legion of Anubis
56%
Nightwish
56%
Gungnir
54%
Ice Coaled
54%
Point Disarray
54%
Wild Lotus
54%
Atheris
52%
Emerald
52%
Chameleon
50%
Desert Hydra
50%
Graphite
50%
Printstream
50%
Cyrex
48%
Cyrex
48%
Cyrex
48%
Eco
48%
Man o war
48%
Pink DDPAT
48%
The Prince
48%
Frontside Misty
46%
Hydroponic
46%
Fever Dream
44%
Fever Dream
44%
Mecha Industries
44%
Mecha Industries
44%
Capillary
42%
Chantico's Fire
42%
Nightmare
42%
PAW
42%
Blue Phosphor
40%
Electric Hive
40%
Rat Rod
40%
Safety Net
40%
Blood in the Water
38%
Knight
38%
Mortis
38%
Bright Water
35%
Buzz Kill
35%
Phantom
35%
Poseidon
35%
Chromatic Aberration
33%
Chromatic Aberration
33%
Emerald Pinstripe
33%
Nitro
33%
Oni Taiji
33%
Phobos
33%
Player Two
33%
Sun in Leo
33%
Uncharted
33%
Baroque Purple
31%
Containment Breach
31%
Decimator
31%
Desolate Space
31%
Leaded Glass
31%
Pit Viper
31%
Akihabara Accept
29%
Exoskeleton
29%
Guardian
29%
Leet Museo
29%
The Emperor
29%
Torque
29%
Welcome to the Jungle
29%
Flashback
27%
Golden Coil
27%
Jet Set
27%
Panthera onca
27%
Phantom Disruptor
27%
Tooth Fairy
27%
Amber Fade
25%
Amber Fade
25%
Dark Water
25%
Dark Water
25%
Dark Water
25%
Dragon King
25%
Griffin
25%
Icarus Fell
25%
Jungle Spray
25%
Basilisk
23%
Boreal Forest
23%
Bulldozer
23%
Chatterbox
23%
Desert Strike
23%
Orbit Mk01
23%
Rocket Pop
23%
Abyss
21%
Bullet Rain
21%
Silk Tiger
21%
Snake Camo
21%
Urban DDPAT
21%
Bengal Tiger
19%
Blueprint
19%
Blue Spruce
19%
Corticera
19%
First Class
19%
Hypnotic
19%
Master Piece
19%
Night Terror
19%
Ultraviolet
19%
Acheron
17%
Acid Fade
17%
Anodized Navy
17%
Anodized Navy
17%
Arctic Wolf
17%
Candy Apple
17%
Crimson Web
17%
Dragonfire
17%
Evil Daimyo
17%
Grotto
17%
Predator
17%
Sand Storm
17%
Sandstorm
17%
Commemoration
15%
Control Panel
15%
Green Apple
15%
Hellfire
15%
Pulse
15%
Pulse
15%
Roll Cage
15%
Spider Lily
15%
Wings
15%
Aloha
13%
Atomic Alloy
13%
Colony
13%
Colony
13%
Imminent Danger
13%
Magnesium
13%
Mainframe
13%
Poly Mag
13%
Rapid Eye Movement
13%
Sand Dune
13%
Afterimage
10%
Big Iron
10%
Blood Tiger
10%
Cardiac
10%
Cerberus
10%
Desert Storm
10%
Desert Storm
10%
In Living Color
10%
Jungle Dashed
10%
Jungle Dashed
10%
Momentum
10%
Polar Camo
10%
POP AWP
10%
Royal Paladin
10%
Survivor Z
10%
Tuxedo
10%
VariCamo
10%
VariCamo
10%
VariCamo
10%
Zirka
10%
Aristocrat
8%
Contractor
8%
Contractor
8%
Contractor
8%
Death by Puppy
8%
Integrale
8%
Spitfire
8%
Storm
8%
Storm
8%
Turbo Peek
8%
Valence
8%
Akoben
6%
Arctic Camo
6%
Bloodshot
6%
Brass
6%
Carved Jade
6%
CAUTION
6%
Cyber Security
6%
Darkwing
6%
Detour
6%
Fleet Flock
6%
Flux
6%
Ghost Crusader
6%
Mainframe 001
6%
Meow 36
6%
Modern Hunter
6%
Ol Rusty
6%
Red Stone
6%
Sand Mesh
6%
Slashed
6%
Styx
6%
Syd Mead
6%
The Battlestar
6%
Wave Spray
6%
Army Sheen
4%
Army Sheen
4%
Black Sand
4%
Black Sand
4%
Chronos
4%
Cold Fusion
4%
Colony IV
4%
Daedalus
4%
Demeter
4%
Djinn
4%
Doomkitty
4%
Eye of Athena
4%
Global Offensive
4%
High Seas
4%
Hunter
4%
Jungle Slipstream
4%
Kami
4%
Lichen Dashed
4%
Moss Quartz
4%
Necropos
4%
Neural Net
4%
Orange Crash
4%
Orange DDPAT
4%
Palm
4%
Radiation Hazard
4%
Radiation Hazard
4%
Red DDPAT
4%
Ricochet
4%
Sergeant
4%
Signal
4%
Splash Jam
4%
Stone Cold
4%
Sugar Rush
4%
The Coalition
4%
Torn
4%
Tornado
4%
Tornado
4%
Tornado
4%
Triarch
4%
Triqua
4%
Atlas
2%
Azure Zebra
2%
Carbon Fiber
2%
Carbon Fiber
2%
Condemned
2%
Connexion
2%
Crimson Tsunami
2%
Cyanospatter
2%
Damascus Steel
2%
Danger Close
2%
Dark Blossom
2%
Death Strike
2%
Destroyer
2%
Faded Zebra
2%
Fallout Warning
2%
Fizzy POP
2%
Green Marine
2%
Hand Brake
2%
Hazard Pay
2%
Heavy Metal
2%
Hexane
2%
Hunting Blind
2%
Mayan Dreams
2%
Orange Filigree
2%
Parallax
2%
Powercore
2%
Prey
2%
Sea Calico
2%
Shattered
2%
Spring Twilly
2%
Stinger
2%
Stymphalian
2%
Teardown
2%
The Executioner
2%
Threat Detected
2%
Tiger Moth
2%
Tom Cat
2%
Tropical Storm
2%
Vandal
2%
Waves Perforated
2%
Aerial
0%
Amber Slipstream
0%
Ancient Ritual
0%
Aqua Terrace
0%
Assault
0%
Barricade
0%
Bleached
0%
Blue Titanium
0%
Briefing
0%
CaliCamo
0%
Contrast Spray
0%
Converter
0%
Copperhead
0%
Crypsis
0%
Daybreak
0%
Death Head
0%
Decommissioned
0%
Desert Blossom
0%
Digital Mesh
0%
Dragon Tech
0%
Dream Glade
0%
Dusk Ruins
0%
Enforcer
0%
Faulty Wiring
0%
Firefight
0%
Flame Jormungandr
0%
Gator Mesh
0%
Jungle Tiger
0%
Keeping Tabs
0%
Lush Ruins
0%
Macabre
0%
Magna Carta
0%
Meltdown
0%
Midnight Lily
0%
Murky
0%
Navy Murano
0%
New Roots
0%
Night Borre
0%
Orange Kimono
0%
Outbreak
0%
Phoenix Blacklight
0%
Plague
0%
Poultrygeist
0%
Prime Conspiracy
0%
Random Access
0%
Sage Spray
0%
Scavenger
0%
Spalted Wood
0%
Stone Mosaico
0%
Sundown
0%
Surveillance
0%
Sweeper
0%
Traveler
0%
Urban Rubble
0%
Ventilator
0%
Violet Murano
0%
Winter Forest
0%
ZX Spectron
0%
No matching quizzes found
Score Distribution
Percent of People with Each Score
Percentile by Number Answered
Your Score History
You have not taken this quiz